Movies Quiz

Random Movies or Logo Quiz

Film Studio Logos Close-Up Quiz Stats

 Plays Quiz Updated Jan 17, 2013

Challenge
Share
Tweet
Score 0/20 Timer 03:00
1 Play Today
% Correct
Walt Disney Pictures
94.5%
Warner Brothers
92.6%
20th Century Fox
88.2%
Pixar Animation Studios
87.6%
Dreamworks
85.2%
Paramount Pictures
80.1%
Universal Studios
76.7%
Metro-Goldwyn-Mayer
75.9%
Columbia Pictures
47.7%
CBS Films
47.5%
% Correct
Dimension Films
46.4%
Orion Pictures
40.7%
Miramax Films
39.4%
Tristar Pictures
30.2%
New Line Cinema
30.2%
Touchstone Pictures
28.3%
Lionsgate
25.9%
The Weinstein Company
20.8%
Summit Entertainment
17.4%
Castle Rock Entertainment
15.5%

You're not logged in!

Compare scores with friends on all Sporcle quizzes.
Join for Free
OR
Log In

You Might Also Like...

Show Comments

Extras

Top Quizzes Today


Score Distribution

Your Account Isn't Verified!

In order to create a playlist on Sporcle, you need to verify the email address you used during registration. Go to your Sporcle Settings to finish the process.

Report this User

Report this user for behavior that violates our Community Guidelines.

Details: